| Tag |
First Indicator |
Second Indicator |
Subfields |
| LEADER |
00000cam a2200000ui 4500 |
| 001 |
in00001375921 |
| 005 |
20151006092806.0 |
| 008 |
970514s1996 it bo 001 0 ita d |
| 035 |
|
|
|a (OCoLC)36931018
|
| 035 |
|
|
|9 AHK0486AM
|
| 040 |
|
|
|a C3L
|c C3L
|d TXA
|d UtOrBLW
|
| 043 |
|
|
|a e-it---
|
| 045 |
|
|
|a x0x4
|a x4x-
|
| 049 |
|
|
|a TXAM
|
| 090 |
|
|
|a PQ4113
|b .P48 1996
|
| 100 |
1 |
|
|a Petrucciani, Mario.
|
| 245 |
1 |
0 |
|a Ipotesi per Dino Campana e altri studi /
|c Mario Petrucciani.
|
| 264 |
|
1 |
|a Caltanissetta [etc.] :
|b S.Sciascia,
|c 1996.
|
| 300 |
|
|
|a 160 pages ;
|c 20 cm.
|
| 336 |
|
|
|a text
|b txt
|2 rdacontent
|
| 337 |
|
|
|a unmediated
|b n
|2 rdamedia
|
| 338 |
|
|
|a volume
|b nc
|2 rdacarrier
|
| 490 |
0 |
|
|a Aretusa ;
|v 53
|
| 500 |
|
|
|a Collection of already published essays.
|
| 504 |
|
|
|a Includes bibliographical references and name index.
|
| 650 |
|
0 |
|a Italian poetry
|y 20th century
|x History and criticism.
|
| 600 |
1 |
0 |
|a Campana, Dino,
|d 1885-1932
|x Criticism and interpretation.
|
| 948 |
|
|
|a c:fp
|
| 999 |
|
|
|a MARS
|
| 999 |
f |
f |
|s 0b56f195-cd99-3d0e-a26e-7ffe5c83af9e
|i 509979db-c753-3070-a271-0d412c647355
|t 0
|
| 952 |
f |
f |
|p ric
|a Texas A&M University
|b Rellis Campus
|c Joint Library Facility
|d Remote Storage
|t 0
|e PQ4113 .P48 1996
|h Library of Congress classification
|i unmediated -- volume
|m A14822478462
|
| 998 |
f |
f |
|a PQ4113 .P48 1996
|t 0
|l Remote Storage
|